Vainqueurs et trophées dans le sport en 2024 - Statistiques

Statistiques générales
  • Ce quiz a été pris 76 fois
  • Le résultat moyen est 23 sur 42
Statistiques - réponses
Hint Réponse % Correct
Euro Espagne
96%
Serie A Inter Milan
96%
Premier League Manchester City
96%
Ligue 1 PSG
96%
La Liga Real Madrid
96%
Ballon d'or Masculin Rodri
94%
Ligue des Champions Real Madrid
91%
Roland Garros Masculin Carlos Alcaraz
88%
Top 14 Stade toulousain
87%
Bundesliga Bayer Leverkusen
85%
Wimbledon Masculin Carlos Alcaraz
84%
Open Australie Masculin Jannik Sinner
81%
US Open Masculin Jannik Sinner
75%
Joueur N°1 Mondial Jannik Sinner
75%
Rugby Champions Cup Stade toulousain
75%
Europa League Atalanta Bergame
70%
Roland Garros Féminin Iga Świątek
70%
Tour de France Tadej Pogačar
70%
Giro (Tour d'Italie) Tadej Pogačar
67%
Ligue des Champions Féminine FC Barcelone
60%
US Open Féminin Aryna Sabalenka
55%
Joueuse N°1 Mondial Aryna Sabalenka
55%
Open Australie Féminin Aryna Sabalenka
54%
NBA Boston Celtics
51%
LNB (Basket France) Monaco
51%
Ballon d'or Féminin Aitana Bonmatí
49%
NBA MVP Nikola Jokic
49%
Starligue (Handball France) PSG
45%
Vuelta (Tour d'Espagne) Primož Roglič
43%
NBA Finals MVP Jaylen Brown
31%
Ligue europa conference Olympiakos
27%
Super Bowl MVP Patrick Mahomes
19%
Rugby Challenge Cup Sharks
19%
Wimbledon Féminin Barbora Krejčíková
18%
NFL Super Bowl Kansas City Chiefs
18%
Euroligue Panathinaïkos
18%
EuroCoupe Paris Basket
15%
NHL Stanley Cup Florida Panthers
4%
NHL Playoff MVP Connor McDavid
3%
NHL MVP Nathan MacKinnon
3%
MLB World Series Los Angeles Dodgers
1%
World Series MVP Freddie Freeman
0%
Aucun quiz correspondant
Distribution des résultats
% des personnes avec chaque résultat
Percentile par nombre de réponses
Votre historique - résultats
Vous n’avez pas pris ce quiz